Deutsche Bands/Sänger an einem ihrer Songs erraten (extrem) - Statistiken

Allgemein
  • Dieses Quiz wurde 435 mal gespielt
    384 seit der letzten Aktualisierung
  • Das Durchschnittsergebnis liegt bei 35 aus 76
Antwortstatistiken
Hint Antwort % Korrekt
Haus am See Peter Fox
87%
Chöre Mark Forster
83%
Durch den Monsun Tokio Hotel
83%
Lasse redn Die Ärzte
77%
Komet Udo Lindenberg
77%
Herzbeben Helene Fischer
75%
Alles nur geklaut Die Prinzen
74%
Auf uns Andreas Bourani
73%
Monsta Culcha Candela
70%
Die Da?! Die Fantastischen Vier
70%
Die perfekte Welle Juli
70%
Geboren um zu leben Unheilig
69%
80 Millionen Max Giesinger
68%
Bye Bye Cro
67%
Nur noch kurz die Welt retten Tim Bendzko
66%
Was du Liebe nennst Bausa
65%
Lieder Adel Tawil
64%
Abenteurland Pur
64%
Applaus. Applaus Sportfreunde Stiller
64%
I sing a Liad für di Andreas Gabalier
60%
Disco Pogo Die Atzen
60%
Wind of Change Scorpions
60%
Männer Herbert Grönemeyer
59%
Major Tom Peter Schilling
58%
Willst du Alligatoah
56%
Wadde hadde dudda da? Stefan Raab
56%
Aber bitte mit Sahne Udo Jürgens
56%
Egoist Falco
55%
Von Party zu Party SXTN
54%
Engel Rammstein
53%
Pocahontas AnnenMayKantereit
52%
Wie schön du bist Sarah Connor
52%
Holz 257ers
51%
Jet Set Carmen Geiß
50%
Ein Bett im Kornfeld Jürgen Drews
47%
Schlechtes Vorbild Sido
47%
Weiß der Geier Wolfgang Petry
47%
Geh mal Bier holen Mickie Krause
46%
Herz an Herz Blümchen
44%
Altes Fieber Die Toten Hosen
44%
Die Nacht von Freitag auf Montag SDP
43%
Leuchtturm Nena
42%
Dior 2001 RIN
42%
Berlin lebt Capital Bra
41%
Ohne Dich (schlaf´ ich heut Nacht nicht ein) Münchener Freiheit
40%
Bleib in der Schule Trailerpark
40%
Das Beste Silbermond
39%
Auf gute Freunde Böhse Onkelz
38%
Kids (2 Finger an Kopf) Marteria
38%
Lotusblume Die Flippers
37%
König von Deutschland Rio Reiser
36%
Er gehört zu mir Marianne Rosenberg
35%
Wir haben Grund zum Feiern Otto Waalkes
34%
Ich wollte nie erwachsen sein Peter Maffay
32%
Ich schwanke noch Ikke Hüftgold
30%
1000 und 1 Nacht Klaus Lage
30%
Halt dein Maul Y-Titty
30%
Das kann uns keiner nehmen Revolverheld
28%
Verdamp lang her BAP
27%
Ti Amo Howard Carpendale
27%
Affalterbach Shindy
27%
Freiheit Westernhagen
27%
Dicht im Flieger Julian Sommer
26%
Schickeria Spider Murphy Gang
24%
Ich Sterb für dich Vanessa Mai
20%
Powerade BHZ
19%
Angeklagt Bonez MC
18%
King Kong HBz
18%
Lebenslang Tream
18%
Meer Luciano
17%
Oh Baby Mia Julia
17%
Vergesse nie die Street RAF Camora
14%
Can You English Please Fäaschtbänkler
13%
Liege wieder wach Jamule
13%
Mei Vadda Hans Söllner
9%
Hab keine Angst Frei.Wild
7%
Keine übereinstimmenden Quizze gefunden
Verteilung der Resultate
Anzahl Personen mit jedem Resultat
Perzentil nach korrekt beantworteten Fragen
Ihre Resultats-Entwicklung
Sie haben dieses Quiz seit der letzten Aktualisierung nicht gespielt